00306nam a22001097a 4500008004100000020001500041082001500056100001900071245003700090260005700127300001200184230619b xxu||||| |||| 00| 0 eng d a0435940015 a299.6bMBI cJohn S. Mbithi aIntroduction to African Religion aNairobi,KenyabHeinemann Educational Books Ltdc1975 aVI,211p